| 000 | 00472 a2200169 4500 | ||
|---|---|---|---|
| 003 | OSt | ||
| 005 | 20260306134332.0 | ||
| 008 | 260306b |||||||| |||| 00| 0 eng d | ||
| 040 | _coclc | ||
| 082 |
_a894.812301 _bBEN/K |
||
| 100 |
_aBenyamin _96438 |
||
| 245 |
_aKATHAKAL (Benyamin) / _cBENYAMIN |
||
| 250 | _a12th Ed. | ||
| 260 |
_aKottayam: _bD C Books. _c2025, |
||
| 300 | _a400 pages | ||
| 942 |
_2ddc _cBK _h894.812301 _iBEN/K _k894.812301 _mBEN/K |
||
| 999 |
_c44642 _d44642 |
||